00267nam a2200109Ia 4500003000400000008004100004100001400045245005200059260002900111300000900140650000800149OSt191201s2017 xx 000 0 und d aGOEL,D.K. 0aFundamentals of Business Accounting BBA 1st Sem aN. DelhibArya Pubc2017 aMISC aBBA